[Event "12 Indiv. Ch. Greece-Women U18"]
[Site "?"]
[Date "2009.01.06"]
[Round "5.3"]
[White "Sirnioti, Georgia"]
[Black "Tsarouha, Marianthi"]
[Result "1-0"]
[WhiteElo "1808"]
[BlackElo "1741"]
[PlyCount "127"]
[EventDate "2009.01.02"]

1. e4 c5 2. Nf3 d6 3. Nc3 Nc6 4. Bb5 Bd7 5. Bxc6 Bxc6 6. d4 cxd4 7. Qxd4 Nf6 8.
Bg5 h6 9. Bh4 g5 10. Bg3 Bg7 11. Qd3 Qb6 12. Rb1 Nd7 13. Nd5 Qa5+ 14. c3 Nc5
15. Qc4 Nxe4 16. Nb4 Qb6 17. a4 Nxg3 18. hxg3 Rc8 19. Nd5 Qc5 20. Qxc5 dxc5 21.
Ne3 Bxa4 22. Ra1 b5 23. Nf5 Kf8 24. Nd2 c4 25. Ke2 e6 26. Nd6 Rc6 27. N6xc4 a6
28. Na5 Rc7 29. Ne4 Bc2 30. Nd2 Ke7 31. Rhc1 Bf5 32. Nab3 Ra8 33. Ra5 Kd6 34.
Rca1 Rca7 35. Nf3 e5 36. Ke3 g4 37. Nfd2 h5 38. Ne4+ Kc6 39. Nec5 Bh6+ 40. Ke2
Bc8 41. Rh1 Bf8 42. Nd3 Be6 43. Nd2 f6 44. Rxh5 Be7 45. Rh6 Bd8 46. Ra1 Bc4 47.
Nxc4 bxc4 48. Nxe5+ Kd5 49. Nxg4 Rb7 50. Ne3+ Kc5 51. Rh5+ Kc6 52. Nxc4 Re7+
53. Kd2 Bb6 54. Nxb6 Kxb6 55. Ra4 Rae8 56. Rb4+ Ka7 57. Rf5 Re2+ 58. Kd3 R2e6
59. Rbf4 Rd8+ 60. Rd4 Rb8 61. b4 Rc8 62. Rfd5 Rcc6 63. Rd7+ Ka8 64. c4 1-0

[Event "12 Indiv. Ch. Greece-Women U18"]
[Site "?"]
[Date "2009.01.06"]
[Round "5.4"]
[White "Papadea, Konstantina"]
[Black "Barbageorgopoulou, Fani"]
[Result "1-0"]
[WhiteElo "1697"]
[BlackElo "1818"]
[PlyCount "69"]
[EventDate "2009.01.02"]

1. e4 c6 2. d4 d5 3. exd5 cxd5 4. Nf3 Nf6 5. Bd3 Bg4 6. Nbd2 Nc6 7. c3 e6 8.
Qc2 Rc8 9. a3 Bd6 10. h3 Bh5 11. O-O O-O 12. Qb1 Qd7 13. Nh2 Na5 14. Re1 Bg6
15. Bxg6 hxg6 16. Qd3 Nc4 17. Nxc4 Rxc4 18. Bg5 Qc7 19. Nf3 Ne4 20. Be3 b5 21.
Nd2 Nxd2 22. Bxd2 Rb8 23. h4 Bf4 24. g3 Bxd2 25. Qxd2 a5 26. Re5 b4 27. axb4
axb4 28. h5 bxc3 29. bxc3 gxh5 30. Rxh5 Rxc3 31. Qg5 Qd8 32. Qf4 Rbc8 33. Kg2
Qf6 34. Rah1 Kf8 35. Qd6+ 1-0

[Event "12 Indiv. Ch. Greece-Women U18"]
[Site "?"]
[Date "2009.01.06"]
[Round "5.5"]
[White "Fragaki, Maria"]
[Black "Koutsogiannopoulou, Theodora"]
[Result "0-1"]
[WhiteElo "1903"]
[BlackElo "1834"]
[PlyCount "80"]
[EventDate "2009.01.02"]

1. e4 c5 2. Nf3 d6 3. d4 cxd4 4. Nxd4 Nf6 5. Nc3 a6 6. f3 e5 7. Nb3 Be7 8. Be3
h5 9. Qd2 Be6 10. Be2 Nbd7 11. Rd1 b5 12. Nd5 Bxd5 13. exd5 Nb6 14. Bxb6 Qxb6
15. Qd3 g6 16. c4 bxc4 17. Qxc4 O-O 18. Qc6 Qb4+ 19. Qc3 Qh4+ 20. g3 Qg5 21.
Qd2 Qf5 22. O-O Kg7 23. Rc1 Nh7 24. Bd3 Qd7 25. Rc6 h4 26. gxh4 Bxh4 27. Qb4
Qh3 28. Qg4 Ng5 29. Bc4 Rh8 30. Rxd6 Rh7 31. Qg2 Rah8 32. Rxa6 Qf5 33. Qg4 Nh3+
34. Kh1 Qc2 35. Ra7 Be7 36. Qg2 Qxc4 37. Rxe7 Nf4 38. Rc1 Rxh2+ 39. Qxh2 Rxh2+
40. Kxh2 Qe2+ 0-1

[Event "12 Indiv. Ch. Greece-Women U18"]
[Site "?"]
[Date "2009.01.06"]
[Round "5.6"]
[White "Barogianni, Sotiria"]
[Black "Pierrakou, Ekaterini"]
[Result "1-0"]
[WhiteElo "1493"]
[BlackElo "1693"]
[PlyCount "77"]
[EventDate "2009.01.02"]

1. e4 e5 2. Nf3 Nc6 3. Bb5 a6 4. Ba4 Nf6 5. O-O b5 6. Bb3 h6 7. Re1 d6 8. c3
Be7 9. h3 O-O 10. d4 Bb7 11. Nbd2 Kh8 12. Bc2 Nh7 13. Nf1 Bg5 14. Ne3 Bxe3 15.
Rxe3 Bc8 16. Nh2 exd4 17. cxd4 Qf6 18. Nf3 Re8 19. Rc3 Bb7 20. d5 Nb4 21. Rxc7
Nxc2 22. Qxc2 Bc8 23. Be3 Bxh3 24. Nd4 Qg6 25. f3 Rac8 26. Rxc8 Rxc8 27. Qd2
Nf6 28. Kh2 Bd7 29. Rc1 Rxc1 30. Qxc1 Qh5+ 31. Kg1 Qe5 32. Nc6 Qe8 33. Bf4 Qf8
34. Qc3 Kh7 35. Qa3 Bxc6 36. dxc6 Qc8 37. Qxd6 Kg8 38. Bxh6 a5 39. Bg5 1-0

[Event "12 Indiv. Ch. Greece-Women U18"]
[Site "?"]
[Date "2009.01.07"]
[Round "6.1"]
[White "Sirnioti, Georgia"]
[Black "Hristodoulaki, Antonia"]
[Result "1-0"]
[WhiteElo "1808"]
[BlackElo "1828"]
[PlyCount "81"]
[EventDate "2009.01.02"]

1. e4 c5 2. Nc3 Nc6 3. f4 e6 4. Nf3 Nge7 5. Bb5 a6 6. Bxc6 Nxc6 7. O-O Be7 8.
d3 d5 9. Qe1 O-O 10. a3 Re8 11. Qg3 dxe4 12. Nxe4 Nd4 13. Nxd4 cxd4 14. Bd2 Bd7
15. Kh1 Bc6 16. f5 Bxe4 17. dxe4 e5 18. Bh6 g6 19. Rf3 g5 20. h4 f6 21. Raf1
Kh8 22. hxg5 Rg8 23. g6 Bf8 24. Bxf8 Qxf8 25. Qh4 Rg7 26. Rh3 Qe7 27. Rff3 Rc8
28. c3 Rd8 29. Rd3 Rd7 30. Qh5 Qe8 31. Kg1 Qd8 32. gxh7 Rxh7 33. Qg6 Rdg7 34.
Rxh7+ Rxh7 35. cxd4 exd4 36. Qg3 Rc7 37. Qf4 Rd7 38. e5 fxe5 39. Qxe5+ Kg8 40.
Rg3+ Kf7 41. Qe6+ 1-0

[Event "12 Indiv. Ch. Greece-Women U18"]
[Site "?"]
[Date "2009.01.07"]
[Round "6.2"]
[White "Iordanidou, Zoi"]
[Black "Barogianni, Sotiria"]
[Result "1-0"]
[WhiteElo "2108"]
[BlackElo "1493"]
[PlyCount "47"]
[EventDate "2009.01.02"]

1. e4 c5 2. Nf3 d6 3. d3 Nc6 4. g3 g6 5. Bg2 Bg7 6. O-O e5 7. c3 Nge7 8. a3 O-O
9. b4 b6 10. Bd2 a6 11. a4 h6 12. Na3 Bd7 13. Rb1 f5 14. bxc5 dxc5 15. Qb3+ Kh7
16. Qxb6 Be8 17. Qxc5 Qxd3 18. exf5 e4 19. Nh4 Qxd2 20. fxg6+ Bxg6 21. Nxg6
Nxg6 22. Qxc6 Rfc8 23. Qxe4 Qxc3 24. Rb6 1-0

[Event "12 Indiv. Ch. Greece-Women U18"]
[Site "?"]
[Date "2009.01.07"]
[Round "6.3"]
[White "Koutsogiannopoulou, Theodora"]
[Black "Papadea, Konstantina"]
[Result "1-0"]
[WhiteElo "1834"]
[BlackElo "1697"]
[PlyCount "63"]
[EventDate "2009.01.02"]

1. e4 d6 2. d4 Nf6 3. Nc3 g6 4. f3 Nbd7 5. Be3 c6 6. Qd2 b5 7. Bd3 Bb7 8. Nh3
Bg7 9. Nf2 a6 10. O-O Qc7 11. Ne2 c5 12. c3 c4 13. Bc2 h5 14. Rae1 Rg8 15. d5
Bh8 16. f4 Rd8 17. Nd4 Nh7 18. a4 Bxd4 19. Bxd4 Nhf8 20. Nh3 f6 21. Qe2 Nc5 22.
e5 f5 23. axb5 axb5 24. b4 Na6 25. Qf2 Ra8 26. Bb6 Qd7 27. e6 Qc8 28. Rd1 Nc7
29. Bxc7 Qxc7 30. Ng5 Rg7 31. Qd4 Rg8 32. Ra1 1-0

[Event "12 Indiv. Ch. Greece-Women U18"]
[Site "?"]
[Date "2009.01.07"]
[Round "6.4"]
[White "Spirou, Marina"]
[Black "Selianiti, Eleana"]
[Result "1-0"]
[WhiteElo "1760"]
[BlackElo "1770"]
[PlyCount "61"]
[EventDate "2009.01.02"]

1. e4 e5 2. Nf3 Nc6 3. d4 exd4 4. Nxd4 Nxd4 5. Qxd4 Qf6 6. Qe3 b6 7. Bd3 Bc5 8.
Qe2 Bd4 9. c3 Be5 10. O-O g5 11. Nd2 Bf4 12. g3 Bxd2 13. Bxd2 h5 14. e5 Qe7 15.
Rae1 Bb7 16. Be4 O-O-O 17. Bxb7+ Kxb7 18. Qe4+ Kb8 19. a4 g4 20. a5 d5 21. Qf4
f6 22. axb6 axb6 23. e6 Qc5 24. Qa4 Qa5 25. e7 Nxe7 26. Qxa5 bxa5 27. Rxe7 Rhe8
28. Rfe1 Rxe7 29. Rxe7 c5 30. Bf4+ Kc8 31. Rc7+ 1-0

[Event "12 Indiv. Ch. Greece-Women U18"]
[Site "?"]
[Date "2009.01.07"]
[Round "6.5"]
[White "Tsarouha, Marianthi"]
[Black "Serefidou, Despina"]
[Result "1-0"]
[WhiteElo "1741"]
[BlackElo "1609"]
[PlyCount "49"]
[EventDate "2009.01.02"]

1. d4 e6 2. c4 b6 3. Nf3 Nf6 4. g3 Bb7 5. Bg2 Bb4+ 6. Nc3 Ne4 7. Qc2 f5 8. a3
Be7 9. Nd2 Nd6 10. Bxb7 Nxb7 11. e4 Nc6 12. Nf3 O-O 13. exf5 Rxf5 14. d5 Ne5
15. Nd4 Nf3+ 16. Nxf3 Rxf3 17. Bf4 Nc5 18. Ke2 Rxf4 19. gxf4 exd5 20. Nxd5 Bd6
21. Rag1 Ne6 22. Qc3 Qf8 23. Rg4 Nxf4+ 24. Nxf4 Re8+ 25. Kf3 1-0

[Event "12 Indiv. Ch. Greece-Women U18"]
[Site "?"]
[Date "2009.01.07"]
[Round "6.6"]
[White "Barbageorgopoulou, Fani"]
[Black "Kontogianni, Maria-Hristina"]
[Result "1-0"]
[WhiteElo "1818"]
[BlackElo "1651"]
[PlyCount "25"]
[EventDate "2009.01.02"]

1. d4 d5 2. c4 c6 3. Nf3 Nf6 4. Nc3 Bf5 5. cxd5 cxd5 6. Qb3 Qb6 7. Nxd5 Nxd5 8.
Qxd5 e6 9. Qb3 Qc7 10. Bd2 Bd6 11. Rc1 Qe7 12. Rc8+ Kd7 13. Qxb7+ 1-0

[Event "12 Indiv. Ch. Greece-Women U18"]
[Site "?"]
[Date "2009.01.08"]
[Round "7.1"]
[White "Koutsogiannopoulou, Theodora"]
[Black "Iordanidou, Zoi"]
[Result "1/2-1/2"]
[WhiteElo "1834"]
[BlackElo "2108"]
[PlyCount "24"]
[EventDate "2009.01.02"]

1. e4 c5 2. Nf3 d6 3. d4 cxd4 4. Nxd4 Nf6 5. f3 g6 6. c4 Bg7 7. Nc3 O-O 8. Be3
Nc6 9. Be2 Bd7 10. Qd2 Nxd4 11. Bxd4 Bc6 12. O-O Nd7 1/2-1/2

[Event "12 Indiv. Ch. Greece-Women U18"]
[Site "?"]
[Date "2009.01.08"]
[Round "7.2"]
[White "Spirou, Marina"]
[Black "Sirnioti, Georgia"]
[Result "0-1"]
[WhiteElo "1760"]
[BlackElo "1808"]
[PlyCount "98"]
[EventDate "2009.01.02"]

1. a3 e5 2. c4 Nf6 3. Nc3 g6 4. e3 d5 5. cxd5 Nxd5 6. Bc4 Nb6 7. Ba2 Bg7 8.
Nge2 Nc6 9. O-O O-O 10. f4 Bg4 11. Qe1 Bxe2 12. Qxe2 exf4 13. Rxf4 Be5 14. Rf3
Bxc3 15. bxc3 Ne5 16. Rf4 Qd3 17. Qf2 Rad8 18. Qh4 Qc2 19. Rf1 Qd3 20. e4 c5
21. a4 Nbc4 22. Bxc4 Nxc4 23. Rf3 Qc2 24. d4 cxd4 25. Bh6 Ne3 26. Rf2 Qxc3 27.
Raf1 Qc6 28. Bxf8 Rxf8 29. Ra1 Rc8 30. h3 Qc3 31. Raa2 Re8 32. Qf4 Rf8 33. Rad2
Qc4 34. e5 Nf5 35. g4 Ne7 36. Rxd4 Qc3 37. Rd7 Qc5 38. Rxb7 Nd5 39. Qf3 Ne7 40.
Qf6 Nd5 41. Qd6 Qc1+ 42. Kh2 Qe3 43. Rbb2 Nf4 44. Qd2 Qxh3+ 45. Kg1 Qg3+ 46.
Kh1 Qh3+ 47. Kg1 Qg3+ 48. Kh1 Qh3+ 49. Rh2 Qf1# 0-1

[Event "12 Indiv. Ch. Greece-Women U18"]
[Site "?"]
[Date "2009.01.08"]
[Round "7.3"]
[White "Hristodoulaki, Antonia"]
[Black "Barbageorgopoulou, Fani"]
[Result "1-0"]
[WhiteElo "1828"]
[BlackElo "1818"]
[PlyCount "105"]
[EventDate "2009.01.02"]

1. e4 c6 2. d4 d5 3. Nc3 dxe4 4. Nxe4 Bf5 5. Ng3 Bg6 6. N1e2 Nf6 7. Nf4 e5 8.
Nxg6 hxg6 9. dxe5 Qa5+ 10. Bd2 Qxe5+ 11. Qe2 Qxe2+ 12. Bxe2 Bc5 13. O-O Nbd7
14. Bc3 Nb6 15. Rad1 Nbd5 16. Bd4 Bxd4 17. Rxd4 O-O-O 18. Rfd1 Rhe8 19. Kf1 Nb6
20. Rxd8+ Rxd8 21. Rxd8+ Kxd8 22. Ke1 Ke7 23. Kd2 Na4 24. b3 Nb6 25. c4 Nbd7
26. h3 Ke6 27. Ke3 Nc5 28. Kd4 Kd6 29. f4 Ne6+ 30. Ke3 Kc5 31. a3 Kd6 32. Bf3
Nd7 33. Ne4+ Ke7 34. g3 Ndc5 35. Nxc5 Nxc5 36. Bd1 Kd6 37. b4 Nd7 38. c5+ Ke7
39. Kd4 Nf6 40. Bf3 Ke6 41. g4 a6 42. a4 Ng8 43. b5 axb5 44. axb5 Ne7 45. b6
Kd7 46. Bg2 Ke6 47. Be4 f5 48. Bf3 fxg4 49. hxg4 Kf6 50. Be4 Ke6 51. Bf3 Kf6
52. Be2 Ke6 53. Ba6 1-0

[Event "12 Indiv. Ch. Greece-Women U18"]
[Site "?"]
[Date "2009.01.08"]
[Round "7.4"]
[White "Fragaki, Maria"]
[Black "Tsarouha, Marianthi"]
[Result "1-0"]
[WhiteElo "1903"]
[BlackElo "1741"]
[PlyCount "63"]
[EventDate "2009.01.02"]

1. e4 c5 2. Nf3 e6 3. d4 cxd4 4. Nxd4 Nf6 5. Nc3 d6 6. Be3 a6 7. f3 b5 8. Qd2
Bb7 9. g4 h6 10. O-O-O Nc6 11. h4 d5 12. Nxc6 Bxc6 13. e5 Nd7 14. Bd4 b4 15.
Ne2 Rc8 16. Bh3 Ba4 17. b3 Bb5 18. g5 hxg5 19. hxg5 Bxe2 20. Qxe2 Qxg5+ 21. Kb1
a5 22. Qa6 Qd8 23. Bxe6 Rxh1 24. Rxh1 fxe6 25. Qxe6+ Qe7 26. Qg6+ Qf7 27. Qa6
Rd8 28. e6 Qf5 29. exd7+ Rxd7 30. Qc8+ Kf7 31. Rh8 Ke7 32. Bc5+ 1-0

[Event "12 Indiv. Ch. Greece-Women U18"]
[Site "?"]
[Date "2009.01.08"]
[Round "7.5"]
[White "Barogianni, Sotiria"]
[Black "Selianiti, Eleana"]
[Result "1/2-1/2"]
[WhiteElo "1493"]
[BlackElo "1770"]
[PlyCount "77"]
[EventDate "2009.01.02"]

1. e4 e5 2. Nf3 Nc6 3. Bb5 a6 4. Ba4 Nf6 5. O-O b5 6. Bb3 h6 7. Re1 Bc5 8. h3
O-O 9. c3 d6 10. d4 exd4 11. cxd4 Bb4 12. Bd2 Re8 13. Nc3 Bxc3 14. Bxc3 Rxe4
15. Rxe4 Nxe4 16. Bd5 Nxc3 17. bxc3 Bd7 18. Qb3 Qf6 19. a4 bxa4 20. Qxa4 Nb8
21. Qa5 c6 22. Be4 d5 23. Bd3 Be8 24. Qc7 Nd7 25. Rxa6 Rxa6 26. Bxa6 Nf8 27.
Ne5 Ne6 28. Qc8 Qd8 29. Nxc6 Qxc8 30. Ne7+ Kf8 31. Nxc8 Nc7 32. Bd3 Bb5 33.
Bxb5 Nxb5 34. Kf1 Nxc3 35. Ke1 Nb5 36. Nb6 Ke7 37. Kd2 Nxd4 38. Nxd5+ Kd6 39.
Ne3 1/2-1/2

[Event "12 Indiv. Ch. Greece-Women U18"]
[Site "?"]
[Date "2009.01.08"]
[Round "7.6"]
[White "Papadea, Konstantina"]
[Black "Pierrakou, Ekaterini"]
[Result "0-1"]
[WhiteElo "1697"]
[BlackElo "1693"]
[PlyCount "44"]
[EventDate "2009.01.02"]

1. e4 e5 2. Nf3 Nc6 3. Bc4 Bc5 4. c3 Nf6 5. d3 h6 6. b4 Bb6 7. b5 Na5 8. Nxe5
Nxc4 9. Nxc4 d5 10. Nxb6 axb6 11. e5 Ng4 12. O-O O-O 13. Bf4 f6 14. exf6 Rxf6
15. Bg3 Rg6 16. h3 Ne3 17. fxe3 Rxg3 18. Kh2 Qd6 19. Kh1 Bxh3 20. Rf2 Bg4 21.
Qe1 Re8 22. e4 Rxd3 0-1